000
00190 a2200109 4500
020
_a
9780307951168
041
_a
eng
100
_a
Jo Nesbo
245
_a
Police
942
_c
BK
952
_7
1
999
_c
21606
_d
21606